| 000 | 00570nam a22002297a 4500 | ||
|---|---|---|---|
| 003 | UA-OsUOA | ||
| 001 | 35002 | ||
| 007 | ta | ||
| 008 | 20051103b un ||||| |||| 00| 0 ukr d | ||
| 090 |
_a34(03) _bЮ70 |
||
| 942 | _cBK | ||
| 040 |
_aUA-OsUOA _bukr _cUA-OsUOA _dUA-OsUOA |
||
| 245 |
_aЮридичний словник-довідник _cЗа ред. Ю. С. Шемшученка |
||
| 300 | _a696 с. | ||
| 955 | _a2 | ||
| 041 | _aukr | ||
| 080 | _a34(03) | ||
| 020 | _a5-7707-8834-8 | ||
| 260 |
_aК. _bФеміна _c1996 |
||
| 650 | 7 | _2UDC | |
| 999 |
_c321412 _d321412 |
||